dBASE Compilers a Programmer's Resource Book

Uložené v:
Podrobná bibliografia
Hlavný autor: Knecht, Ken
Médium: Kniha
Jazyk:English
Vydavateľské údaje: [S.l.] TAB BOOKS 1988
Tagy: Pridať tag
Žiadne tagy, Buďte prvý, kto otaguje tento záznam!

MARC

LEADER 00000nam a2200000 4500
001 c032307
005 20250707090958.6
041 0 |a eng 
044 |a SK 
245 1 0 |a dBASE Compilers a Programmer's Resource Book  |c Ken Knecht 
264 1 |a [S.l.]  |b TAB BOOKS  |c 1988 
300 |a 273 s. 
100 1 |a Knecht, Ken